[Event "SR Extraliga 2017/2018"]
[Site "?"]
[Date "2017.12.09"]
[Round "5.8"]
[White "Takacs, Laszlo"]
[Black "Koloditsova, Renata"]
[Result "1-0"]
[WhiteElo "2257"]
[BlackElo "2002"]
[PlyCount "88"]
[EventDate "2017.??.??"]

1. e4 e6 2. d4 d5 3. Nd2 c5 4. exd5 Qxd5 5. Ngf3 Nf6 6. Bc4 Qd6 7. dxc5 Qxc5 8.
Qe2 a6 9. O-O Bd7 10. Nb3 Qc7 11. Bg5 Nc6 12. Bh4 Bd6 13. Rad1 O-O-O 14. Bxa6
e5 15. Bg3 Rhe8 16. Bb5 Bg4 17. Qe3 Nh5 18. Bxc6 Qxc6 19. Rd3 Kb8 20. Nxe5 Qa6
21. Nc6+ Qxc6 22. Rxd6 Rxe3 23. Rxd8+ Ka7 24. Bb8+ Ka6 25. Rd6 Qxd6 26. Bxd6
Re2 27. Rc1 Nf6 28. Bc5 Bf5 29. Nd4 Re5 30. Bd6 Rd5 31. Nxf5 Rxf5 32. Rd1 Ne4
33. f3 Ng5 34. Rd3 Kb6 35. Kf2 Kc6 36. Ke3 Ne6 37. Bg3 h5 38. Rd6+ Kc5 39. Rd7
Kc6 40. Rd6+ Kc5 41. Rd3 g6 42. h3 Kb5 43. b3 Nc5 44. c4+ Ka6 1-0

[Event "SR Extraliga 2017/2018"]
[Site "?"]
[Date "2017.12.09"]
[Round "5.1"]
[White "Cvek, Robert"]
[Black "Cernousek, Lukas"]
[Result "1/2-1/2"]
[WhiteElo "2498"]
[BlackElo "2456"]
[PlyCount "74"]
[EventDate "2017.??.??"]

1. Nf3 Nf6 2. c4 c5 3. g3 g6 4. Bg2 Bg7 5. O-O O-O 6. d4 cxd4 7. Nxd4 d5 8.
cxd5 Nxd5 9. Nc3 Nxc3 10. bxc3 Nc6 11. Nxc6 bxc6 12. Bxc6 Bh3 13. Bg2 Bxg2 14.
Qxd8 Rfxd8 15. Kxg2 Bxc3 16. Rb1 Rd7 17. Be3 Bd2 18. Rfd1 Rad8 19. Bc5 f6 20.
Rb3 Kf7 21. Ra3 a5 22. Bb6 Rb8 23. Be3 Rbd8 24. Bxd2 Rxd2 25. Rxd2 Rxd2 26. e4
Rd4 27. Kf3 a4 28. Ke3 e5 29. Rc3 g5 30. Rc7+ Kg6 31. f4 gxf4+ 32. gxf4 f5 33.
exf5+ Kxf5 34. Rxh7 Re4+ 35. Kd3 Rd4+ 36. Ke3 Re4+ 37. Kd3 Rd4+ 1/2-1/2

[Event "SR Extraliga 2017/2018"]
[Site "?"]
[Date "2017.12.09"]
[Round "5.2"]
[White "Ponizil, Cyril"]
[Black "Pechac, Jergus"]
[Result "1-0"]
[WhiteElo "2477"]
[BlackElo "2449"]
[PlyCount "125"]
[EventDate "2017.??.??"]

1. e4 e5 2. Nf3 Nc6 3. Bb5 Nf6 4. O-O Nxe4 5. d4 Nd6 6. Bxc6 dxc6 7. dxe5 Nf5
8. Qxd8+ Kxd8 9. h3 Bd7 10. b3 Kc8 11. Bb2 h6 12. Nc3 Ne7 13. Rad1 Ng6 14. Ne2
c5 15. c4 a5 16. a4 Ra6 17. Rd3 Be7 18. Nd2 Bf5 19. Rf3 Rd8 20. Bc3 Nh4 21. Re3
g5 22. Ne4 Rb6 23. Nc1 Re6 24. Ng3 b6 25. Nh5 Rg6 26. g4 Bc2 27. f3 Re6 28. Ng7
Rg6 29. Nh5 Re6 30. Ng7 Rg6 31. Nh5 Rc6 32. Kf2 Ng6 33. Re2 Bd1 34. Ree1 Bc2
35. Re2 Bd1 36. Rd2 Rxd2+ 37. Bxd2 Bc2 38. Re1 Re6 39. Bc3 Nf4 40. Ng7 Rc6 41.
Kg3 Kd7 42. Nf5 h5 43. Ne3 Bh7 44. Nd5 Rh6 45. Nxf4 gxf4+ 46. Kxf4 hxg4 47.
hxg4 Rh2 48. Ne2 Bh4 49. Rd1+ Ke6 50. Ke3 Bf2+ 51. Kf4 Bc2 52. Rd2 Bxb3 53. Ke4
Bxc4 54. Nf4+ Ke7 55. e6 Bxe6 56. g5 Bd7 57. Nd5+ Kf8 58. Nxc7 Rh4+ 59. f4 Rh3
60. Rxd7 Rxc3 61. Nd5 Rb3 62. Rd8+ Kg7 63. Nf6 1-0

[Event "SR Extraliga 2017/2018"]
[Site "?"]
[Date "2017.12.09"]
[Round "5.3"]
[White "Rohacek, Miroslav"]
[Black "Motuz, Karol"]
[Result "1/2-1/2"]
[WhiteElo "2255"]
[BlackElo "2431"]
[PlyCount "74"]
[EventDate "2017.??.??"]

1. d4 d5 2. Nf3 Nf6 3. c4 c6 4. e3 Bf5 5. Bd3 Bxd3 6. Qxd3 e6 7. Nc3 Nbd7 8.
O-O Be7 9. e4 dxc4 10. Qxc4 O-O 11. Rd1 Rc8 12. Bf4 b5 13. Qe2 Qb6 14. a3 Rfe8
15. Ne5 Red8 16. Rac1 Qb7 17. h3 a6 18. Rc2 h6 19. Rcd2 Nxe5 20. Bxe5 c5 21.
dxc5 Rxd2 22. Qxd2 Rxc5 23. Bd6 Bxd6 24. Qxd6 Rc7 25. Qd8+ Kh7 26. Kf1 Qc6 27.
Qd6 Qc4+ 28. Qd3 e5 29. Qxc4 Rxc4 30. f3 Nh5 31. Kf2 Nf4 32. Rd2 Ne6 33. Rd5 f6
34. Rd6 Nc5 35. Rd5 Na4 36. Nxa4 Rxa4 37. Rc5 Rd4 1/2-1/2

[Event "SR Extraliga 2017/2018"]
[Site "?"]
[Date "2017.12.09"]
[Round "5.4"]
[White "Roubalik, Jakub"]
[Black "Karas, Marek"]
[Result "1-0"]
[WhiteElo "2396"]
[BlackElo "2240"]
[PlyCount "63"]
[EventDate "2017.??.??"]

1. d4 e6 2. c4 f5 3. Nc3 Nf6 4. Nf3 Bb4 5. Qb3 Qe7 6. a3 Bxc3+ 7. Qxc3 O-O 8.
b4 b6 9. e3 Bb7 10. Be2 d6 11. Bb2 Ne4 12. Qc2 Nd7 13. O-O Ng5 14. d5 Nxf3+ 15.
Bxf3 e5 16. e4 g6 17. g3 f4 18. Bg4 h5 19. Be6+ Kh7 20. f3 g5 21. Qg2 Kh6 22.
Kh1 fxg3 23. Qxg3 Nf6 24. h4 Nh7 25. hxg5+ Qxg5 26. Bc1 Rf4 27. Bxf4 exf4 28.
Qh2 Qg3 29. Qxg3 fxg3 30. f4 Re8 31. Kg2 Nf6 32. Rae1 1-0

[Event "SR Extraliga 2017/2018"]
[Site "?"]
[Date "2017.12.09"]
[Round "5.5"]
[White "Jablonicky, Martin"]
[Black "Vojtek, Vladimir"]
[Result "1-0"]
[WhiteElo "2302"]
[BlackElo "2293"]
[PlyCount "95"]
[EventDate "2017.??.??"]

1. e4 e6 2. d4 d5 3. Bd3 c5 4. exd5 exd5 5. dxc5 Bxc5 6. Nf3 Nf6 7. O-O O-O 8.
Nc3 h6 9. h3 Nc6 10. Bf4 Be6 11. a3 d4 12. Ne4 Nxe4 13. Bxe4 Bd5 14. Bxd5 Qxd5
15. b4 Be7 16. Qd3 b5 17. Rad1 Rfd8 18. c3 Bf6 19. Be3 a5 20. Nxd4 axb4 21.
axb4 Bxd4 22. Bxd4 Nxd4 23. Qxd4 Qxd4 24. Rxd4 Rxd4 25. cxd4 Ra4 26. Rb1 Kf8
27. Kf1 Ke7 28. Ke2 Kd6 29. Rb3 f5 30. g4 Ra2+ 31. Ke3 f4+ 32. Kxf4 Rxf2+ 33.
Ke4 Re2+ 34. Re3 Rf2 35. Ra3 Re2+ 36. Kd3 Rh2 37. Ra7 Rxh3+ 38. Ke4 Rb3 39.
Rxg7 Rxb4 40. Rg6+ Ke7 41. Rxh6 Rb1 42. Kd5 Rg1 43. Rh7+ Kd8 44. Kd6 Kc8 45.
Kc6 Kb8 46. Rb7+ Ka8 47. Rg7 Kb8 48. Kxb5 1-0

[Event "SR Extraliga 2017/2018"]
[Site "?"]
[Date "2017.12.09"]
[Round "5.6"]
[White "Zvarik, Martin"]
[Black "Gasa, Andrej"]
[Result "1-0"]
[WhiteElo "2254"]
[BlackElo "2271"]
[PlyCount "123"]
[EventDate "2017.??.??"]

1. d4 Nf6 2. Bg5 Ne4 3. Bh4 d5 4. f3 Nf6 5. Nd2 e6 6. c3 Be7 7. e4 a6 8. Bd3 c5
9. dxc5 dxe4 10. Bxf6 gxf6 11. Nxe4 f5 12. Qa4+ Nc6 13. Nd6+ Bxd6 14. cxd6 Qxd6
15. O-O-O Qe7 16. Nh3 Bd7 17. Rhe1 Qf6 18. Qf4 O-O-O 19. g4 Qh4 20. Ng5 Be8 21.
Nxe6 fxe6 22. Rxe6 Rf8 23. Bxf5 Rxf5 24. Qxf5 Bd7 25. Qf6 Qxh2 26. Red6 Qe2 27.
R1d2 Qe3 28. Qf7 Nb8 29. R6d3 Qh6 30. f4 Rf8 31. Qc4+ Qc6 32. Qb4 Re8 33. f5
Qa4 34. Qxa4 Bxa4 35. Rh2 Re1+ 36. Kd2 Rd1+ 37. Ke3 Re1+ 38. Kf4 Re7 39. Rdh3
Bc6 40. Rxh7 Re4+ 41. Kg5 Nd7 42. Rg7 Re8 43. Rh6 Nc5 44. Kh4 Ne4 45. Rgh7 Kd8
46. Rh8 Bd5 47. Rxe8+ Kxe8 48. g5 Kf7 49. Rh7+ Kg8 50. Rd7 Bc6 51. Rd8+ Kg7 52.
Kg4 Nf2+ 53. Kg3 Ne4+ 54. Kf4 Nf2 55. Rc8 Nd3+ 56. Ke3 Ne5 57. Rc7+ Kf8 58. b3
Nf7 59. Kf4 Nd6 60. g6 Ne8 61. Rf7+ Kg8 62. Ke5 1-0

[Event "SR Extraliga 2017/2018"]
[Site "?"]
[Date "2017.12.09"]
[Round "5.7"]
[White "Istona, Martin"]
[Black "Bombek, Peter"]
[Result "1/2-1/2"]
[WhiteElo "2277"]
[BlackElo "2252"]
[PlyCount "124"]
[EventDate "2017.??.??"]

1. e4 e6 2. d4 d5 3. e5 c5 4. c3 Bd7 5. Nf3 Nc6 6. Be2 Nge7 7. Na3 cxd4 8. cxd4
Nf5 9. Nc2 Qb6 10. O-O Rc8 11. Rb1 a5 12. b3 Be7 13. a3 Na7 14. b4 Ba4 15. Bd3
axb4 16. axb4 Nb5 17. Bb2 O-O 18. Qd2 Bxc2 19. Bxc2 Rc4 20. Bd3 Rxb4 21. Bc3
Nxc3 22. Qxc3 Nxd4 23. Nxd4 Qxd4 24. Qxd4 Rxd4 25. Rxb7 Rxd3 26. Rxe7 Rc8 27.
g3 Rdc3 28. Rb1 Rc1+ 29. Rxc1 Rxc1+ 30. Kg2 g5 31. f4 Rc2+ 32. Kh3 gxf4 33.
gxf4 Kg7 34. Kg3 Kg6 35. Rd7 Rc3+ 36. Kg2 h5 37. Kf2 Rd3 38. Re7 h4 39. Kg2 d4
40. Rd7 Rd2+ 41. Kh3 d3 42. Kxh4 Rxh2+ 43. Kg3 Rd2 44. Kf3 Rd1 45. Ke3 Re1+ 46.
Kf3 Ra1 47. Rxd3 Kf5 48. Rd7 Ra3+ 49. Ke2 Kxf4 50. Rxf7+ Kxe5 51. Rb7 Kf5 52.
Rb5+ e5 53. Rb4 Ke6 54. Rh4 Kd5 55. Rg4 Ra2+ 56. Ke3 Rh2 57. Ra4 Rh3+ 58. Ke2
Ke6 59. Rb4 Kf5 60. Ra4 Rb3 61. Rc4 e4 62. Rc8 Kf4 1/2-1/2

[Event "SR Extraliga 2017/2018"]
[Site "?"]
[Date "2017.12.09"]
[Round "5.8"]
[White "Borik, Juraj"]
[Black "Gasa, Patrik"]
[Result "1-0"]
[WhiteElo "2145"]
[BlackElo "2116"]
[PlyCount "129"]
[EventDate "2017.??.??"]

1. c4 e5 2. Nc3 f5 3. g3 Nf6 4. Bg2 Nc6 5. d3 a6 6. e3 Bc5 7. Nge2 d6 8. O-O
O-O 9. a3 Ne7 10. b4 Ba7 11. Bb2 c6 12. Rc1 Be6 13. Na4 Ng6 14. c5 d5 15. f4
Qe7 16. Qd2 e4 17. Nd4 exd3 18. Qxd3 Ne4 19. Nf3 Rae8 20. Rfe1 Bb8 21. Nd4 Bc7
22. Bf3 Qf7 23. Bh5 Nf6 24. Bd1 Ne4 25. Nf3 h5 26. Rc2 Bd8 27. Nd4 h4 28. Rg2
h3 29. Rc2 Nh8 30. Qf1 Bf6 31. Qxh3 g5 32. fxg5 Nxg5 33. Qg2 Ng6 34. Rf1 f4 35.
Nxe6 Qxe6 36. exf4 Qe3+ 37. Kh1 Bxb2 38. Rxb2 Ne4 39. Bh5 Kg7 40. Qf3 Nf6 41.
Bxg6 Kxg6 42. Rb3 Qxf3+ 43. Rbxf3 Rh8 44. f5+ Kg5 45. Nc3 Ng4 46. h4+ Kf6 47.
Nd1 Re2 48. Nf2 Ne5 49. Rf4 Kf7 50. Ng4 Nc4 51. a4 Nd2 52. R1f2 Ne4 53. Rg2
Re1+ 54. Kh2 Rb1 55. Ne5+ Kf6 56. Ng6 Rh7 57. g4 Kg7 58. g5 Rh5 59. Ne5 Re1 60.
f6+ Kf8 61. Nd7+ Kf7 62. g6+ Ke6 63. f7 Rf1 64. Rxf1 Rxh4+ 65. Kg1 1-0

[Event "SR Extraliga 2017/2018"]
[Site "?"]
[Date "2017.12.09"]
[Round "5.2"]
[White "Antoniewski, Rafal"]
[Black "Gledura, Benjamin"]
[Result "1/2-1/2"]
[WhiteElo "2530"]
[BlackElo "2613"]
[PlyCount "38"]
[EventDate "2017.??.??"]

1. e4 e5 2. Nf3 Nc6 3. Bc4 Bc5 4. c3 Nf6 5. d3 a6 6. O-O Ba7 7. Bb3 d6 8. Nbd2
O-O 9. h3 Be6 10. Re1 Re8 11. Nf1 h6 12. Be3 Bxe3 13. Nxe3 d5 14. exd5 Nxd5 15.
Nxd5 Bxd5 16. d4 e4 17. Nd2 f5 18. f3 e3 19. f4 Na5 1/2-1/2

[Event "SR Extraliga 2017/2018"]
[Site "?"]
[Date "2017.12.09"]
[Round "5.3"]
[White "Rigo, Zsolt"]
[Black "Jakubiec, Artur"]
[Result "0-1"]
[WhiteElo "2404"]
[BlackElo "2500"]
[PlyCount "77"]
[EventDate "2017.??.??"]

1. e4 c5 2. Nf3 d6 3. d4 cxd4 4. Nxd4 Nf6 5. Nc3 a6 6. Be2 e5 7. Nb3 Be7 8. O-O
Be6 9. Qd3 Nbd7 10. Nd5 Bxd5 11. exd5 O-O 12. Bd2 a5 13. Qb5 a4 14. Na5 Nc5 15.
b4 axb3 16. axb3 Qc7 17. f3 e4 18. b4 exf3 19. gxf3 Ncd7 20. c4 Rfb8 21. Be3
Bf8 22. Bd4 g6 23. Rad1 Qd8 24. f4 Ne8 25. c5 dxc5 26. Bf2 cxb4 27. Nb3 Ra3 28.
Nd4 Ndf6 29. Bf3 Nd6 30. Qe2 Qd7 31. f5 Re8 32. Qb2 Nc4 33. Qc1 Ne3 34. Ne6
Nxf1 35. Nxf8 Rxf8 36. Bg2 Nxh2 37. Bd4 Nhg4 38. Rf1 Qd6 39. Re1 0-1

[Event "SR Extraliga 2017/2018"]
[Site "?"]
[Date "2017.12.09"]
[Round "5.5"]
[White "Schwarz, Dusan"]
[Black "Kantorik, Marian"]
[Result "0-1"]
[WhiteElo "2295"]
[BlackElo "2295"]
[PlyCount "68"]
[EventDate "2017.??.??"]

1. d4 Nf6 2. c4 e6 3. Nc3 c5 4. d5 exd5 5. cxd5 d6 6. e4 g6 7. Nge2 Bg7 8. Ng3
O-O 9. Be2 b6 10. O-O Ba6 11. Bg5 Bxe2 12. Qxe2 Nbd7 13. Rae1 a6 14. a4 Re8 15.
Qd2 Qc7 16. Bh6 Bh8 17. h3 c4 18. f4 b5 19. axb5 axb5 20. Kh1 b4 21. Nd1 Qc5
22. f5 Ra2 23. fxg6 hxg6 24. Qc1 Ne5 25. Be3 Qa5 26. Nf2 Nfd7 27. Ne2 Nc5 28.
Bxc5 Qxc5 29. Rd1 c3 30. Nf4 cxb2 31. Qb1 b3 32. N2d3 Qc2 33. Nb4 Qxb1 34. Rxb1
Nc4 0-1

[Event "SR Extraliga 2017/2018"]
[Site "?"]
[Date "2017.12.09"]
[Round "5.6"]
[White "Hanko, Pavol"]
[Black "Banas, Kamil"]
[Result "0-1"]
[WhiteElo "2063"]
[BlackElo "2257"]
[PlyCount "106"]
[EventDate "2017.??.??"]

1. d4 d5 2. Nf3 e6 3. c4 c6 4. e3 f5 5. Nc3 Nf6 6. Bd3 Bd6 7. Ne5 O-O 8. O-O
Nbd7 9. f4 Ne4 10. Nxe4 dxe4 11. Be2 Nf6 12. Bd2 Qc7 13. b4 b6 14. a4 c5 15. a5
Bb7 16. Qb3 Rfd8 17. bxc5 Bxc5 18. Bc3 Bd6 19. Rfb1 Bxe5 20. fxe5 Nd7 21. c5
Bd5 22. Bc4 Bxc4 23. Qxc4 Qc6 24. Rd1 b5 25. Qb3 Nb8 26. Ra2 a6 27. h3 Rd5 28.
Rf1 Nd7 29. Be1 Nf8 30. g4 fxg4 31. hxg4 Ng6 32. Rh2 Rd7 33. Qc2 Rf8 34. Rxf8+
Nxf8 35. g5 Rf7 36. Rh4 Rf5 37. Qxe4 Rxg5+ 38. Kf1 Qe8 39. Rg4 Rh5 40. c6 Ng6
41. Rg2 Ne7 42. Rc2 Nd5 43. Bf2 Nc7 44. Qg4 Rf5 45. e4 Rf7 46. Qd1 Qd8 47. Rd2
Qh4 48. Qc2 Qh1+ 49. Ke2 Rf4 50. Qb3 Rxe4+ 51. Kd3 Rf4 52. Be3 Qe4+ 53. Ke2 Rg4
0-1

[Event "SR Extraliga 2017/2018"]
[Site "?"]
[Date "2017.12.10"]
[Round "6.1"]
[White "Plachetka, Jan"]
[Black "Navara, David"]
[Result "0-1"]
[WhiteElo "2326"]
[BlackElo "2740"]
[PlyCount "52"]
[EventDate "2017.??.??"]

1. c4 e5 2. Nc3 Bb4 3. Nf3 Bxc3 4. dxc3 Nc6 5. e4 d6 6. c5 Nf6 7. Bg5 h6 8.
Bxf6 Qxf6 9. cxd6 cxd6 10. Nd2 O-O 11. g3 Be6 12. Bg2 b5 13. O-O b4 14. Qa4
bxc3 15. Qxc6 Rfc8 16. Qxd6 Rd8 17. Qb4 cxd2 18. Rfd1 Rd4 19. Qa5 Rad8 20. h3
Bc4 21. Bf1 Bxf1 22. Kxf1 Qf3 23. Kg1 Qxe4 24. Qxa7 Rd3 25. a4 R8d6 26. a5 Rg6
0-1

[Event "SR Extraliga 2017/2018"]
[Site "?"]
[Date "2017.12.10"]
[Round "6.2"]
[White "Markos, Jan"]
[Black "Caletka, Radomir"]
[Result "1-0"]
[WhiteElo "2562"]
[BlackElo "2290"]
[PlyCount "61"]
[EventDate "2017.??.??"]

1. Nf3 d5 2. g3 Bg4 3. Bg2 Nd7 4. h3 Bh5 5. c4 e6 6. cxd5 exd5 7. O-O Ngf6 8.
d3 Be7 9. Nc3 c6 10. e4 dxe4 11. dxe4 O-O 12. Be3 Bc5 13. Re1 Bxe3 14. Rxe3
Bxf3 15. Qxf3 Re8 16. Qe2 Qa5 17. Rd1 Qc5 18. Kh2 Nb6 19. Red3 Qe7 20. f4 Rad8
21. e5 Rxd3 22. Qxd3 Nfd7 23. Ne4 Nf8 24. Nd6 Rb8 25. Qb3 Qe6 26. Qa3 a6 27.
Qa5 Nbd7 28. Qc7 Qxa2 29. Nc8 Qxb2 30. Rxd7 Nxd7 31. Qd8+ 1-0

[Event "SR Extraliga 2017/2018"]
[Site "?"]
[Date "2017.12.10"]
[Round "6.1"]
[White "Krejci, Jan"]
[Black "Vovk, Jurij"]
[Result "1/2-1/2"]
[WhiteElo "2570"]
[BlackElo "2600"]
[PlyCount "88"]
[EventDate "2017.??.??"]

1. d4 Nf6 2. c4 e6 3. Nc3 Bb4 4. e3 O-O 5. Bd3 d5 6. Nf3 b6 7. O-O Ba6 8. cxd5
exd5 9. Bxa6 Nxa6 10. Bd2 Re8 11. Rc1 Bf8 12. Qa4 Qc8 13. Ne2 c5 14. dxc5 Nxc5
15. Qb5 Qb7 16. Ned4 Rac8 17. Bb4 Nfe4 18. Bxc5 Bxc5 19. Rfd1 a6 20. Qd3 b5 21.
Rc2 g6 22. Rdc1 Bb6 23. h3 Rc4 24. b3 Rcc8 25. a3 Bc5 26. b4 Bxd4 27. Nxd4 Rc4
28. Nb3 Qd7 29. Rxc4 bxc4 30. Rxc4 Qa4 31. Rc7 Qxa3 32. Qxd5 Rf8 33. Rb7 Nc3
34. Qc4 Qb2 35. Nc5 Qd2 36. g3 Qd1+ 37. Kg2 Ne2 38. Rd7 Qg1+ 39. Kf3 Nc1 40.
Ne4 Qh1+ 41. Kf4 Qxh3 42. g4 Qh2+ 43. Kf3 Qh1+ 44. Kf4 Qh2+ 1/2-1/2

[Event "SR Extraliga 2017/2018"]
[Site "?"]
[Date "2017.12.10"]
[Round "6.2"]
[White "Vetoshko, Volodymyr"]
[Black "Leniart, Arkadiusz"]
[Result "1/2-1/2"]
[WhiteElo "2537"]
[BlackElo "2502"]
[PlyCount "147"]
[EventDate "2017.??.??"]

1. e4 e6 2. d4 d5 3. Nd2 Nc6 4. Ngf3 Nf6 5. e5 Nd7 6. Be2 f6 7. exf6 Qxf6 8.
Nf1 Bd6 9. Ne3 O-O 10. O-O Qf7 11. c4 Nf6 12. c5 Bf4 13. g3 Bh6 14. Ng2 Bxc1
15. Rxc1 Ne4 16. Qb3 g5 17. Qe3 Qg7 18. Ne5 g4 19. Bxg4 Nxe5 20. dxe5 b6 21.
cxb6 axb6 22. f3 Ng5 23. Nf4 c5 24. Nh5 Qh6 25. Qb3 Ba6 26. Rfe1 Bc4 27. Qc3 b5
28. b3 d4 29. Qb2 Bd5 30. Nf6+ Rxf6 31. exf6 Qxf6 32. f4 Ne4 33. Rxe4 Bxe4 34.
Rxc5 Bd5 35. Bh3 Rd8 36. Bg2 Qe7 37. b4 Bxg2 38. Qxg2 d3 39. Qd2 Qd6 40. Kg2
Qd4 41. Kf3 Rd5 42. Rc1 e5 43. Qe3 d2 44. Qxd4 Rxd4 45. Rd1 exf4 46. gxf4 Rxb4
47. Rxd2 Ra4 48. Kg4 b4 49. Kf5 Kf7 50. Rd7+ Kf8 51. Rd2 Kf7 52. h4 Ra5+ 53.
Kg4 Ra3 54. Kg5 b3 55. axb3 Rxb3 56. Rd7+ Ke6 57. Rxh7 Rg3+ 58. Kh5 Kf6 59. Rh8
Kg7 60. Ra8 Rg1 61. Ra6 Rg2 62. Ra5 Kf6 63. Rg5 Rf2 64. Kg4 Rf1 65. Rf5+ Kg7
66. Ra5 Rg1+ 67. Kf5 Rh1 68. Ra7+ Kh6 69. Ra8 Kg7 70. Ra7+ Kh6 71. Ra6+ Kh7 72.
Kg5 Rg1+ 73. Kf5 Rh1 74. Ra7+ 1/2-1/2

[Event "SR Extraliga 2017/2018"]
[Site "?"]
[Date "2017.12.10"]
[Round "6.3"]
[White "Druska, Juraj"]
[Black "Nayhebaver, Martin"]
[Result "1/2-1/2"]
[WhiteElo "2440"]
[BlackElo "2449"]
[PlyCount "111"]
[EventDate "2017.??.??"]

1. e4 c5 2. Nf3 d6 3. d4 Nf6 4. dxc5 Nxe4 5. cxd6 Nxd6 6. Nc3 Nc6 7. Be3 Bg4 8.
h3 Bh5 9. Qd5 Bg6 10. Qb3 Qa5 11. O-O-O Qb4 12. Nb5 Qxb3 13. Nxd6+ exd6 14.
axb3 Be7 15. Bd3 O-O-O 16. Bxg6 hxg6 17. Ng5 Bxg5 18. Bxg5 f6 19. Bf4 d5 20.
Rhe1 d4 21. f3 Rh5 22. Re2 Ra5 23. Kb1 d3 24. Rxd3 Rxd3 25. cxd3 Kd7 26. Re4
Rd5 27. Bd2 Rxd3 28. Bc3 Rd1+ 29. Kc2 Rg1 30. Rg4 Ne7 31. Bd4 Ra1 32. Bc5 b6
33. Bxe7 Kxe7 34. Rxg6 Kf7 35. Rg4 Rg1 36. h4 f5 37. Rg5 Kf6 38. b4 g6 39. Kd3
Rh1 40. g3 Rb1 41. Kc3 Rf1 42. f4 Rc1+ 43. Kd4 Rb1 44. Kc3 Rc1+ 45. Kb3 Rg1 46.
Kc4 Rc1+ 47. Kb3 Rg1 48. b5 Rh1 49. Kc2 Rh2+ 50. Kc3 Rh1 51. b4 Rc1+ 52. Kd4
Rb1 53. Kc4 Rc1+ 54. Kd5 Rb1 55. Kc4 Rc1+ 56. Kd5 {Ke5+ Ke4+} 1/2-1/2

[Event "SR Extraliga 2017/2018"]
[Site "?"]
[Date "2017.12.10"]
[Round "6.4"]
[White "Repkova, Eva"]
[Black "Manik, Mikulas"]
[Result "1/2-1/2"]
[WhiteElo "2301"]
[BlackElo "2415"]
[PlyCount "32"]
[EventDate "2017.??.??"]

1. e4 c5 2. Nf3 d6 3. Bc4 Nf6 4. d3 Nc6 5. O-O g6 6. c3 Bg7 7. Nbd2 O-O 8. Bb3
e5 9. Nc4 h6 10. Ne3 Na5 11. Bc2 Re8 12. Nd5 Be6 13. Ba4 Rf8 14. Nxf6+ Qxf6 15.
Be3 Qe7 16. b4 cxb4 1/2-1/2

[Event "SR Extraliga 2017/2018"]
[Site "?"]
[Date "2017.12.10"]
[Round "6.1"]
[White "Vajda, Levente"]
[Black "Nagy, Gabor"]
[Result "1/2-1/2"]
[WhiteElo "2579"]
[BlackElo "2469"]
[PlyCount "53"]
[EventDate "2017.??.??"]

1. Nf3 c5 2. g3 Nc6 3. Bg2 e5 4. e4 g6 5. O-O Bg7 6. d3 Nge7 7. Nbd2 O-O 8. Nc4
d6 9. a4 h6 10. c3 Be6 11. Nfd2 Qd7 12. a5 f5 13. f4 exf4 14. gxf4 Rad8 15. Qa4
fxe4 16. dxe4 Bh3 17. Ne3 Bxg2 18. Nxg2 d5 19. Qb5 Rc8 20. exd5 Nxd5 21. Ne4 b6
22. axb6 axb6 23. Ng3 Rf7 24. Qd3 Nce7 25. Rd1 Qc6 26. Qe4 b5 27. Kh1 1/2-1/2

[Event "SR Extraliga 2017/2018"]
[Site "?"]
[Date "2017.12.10"]
[Round "6.2"]
[White "Michalicka, Milan"]
[Black "Petenyi, Tamas"]
[Result "1-0"]
[WhiteElo "2162"]
[BlackElo "2464"]
[PlyCount "119"]
[EventDate "2017.??.??"]

1. d4 Nf6 2. c4 g6 3. Nc3 Bg7 4. e4 d6 5. Be2 O-O 6. Nf3 a6 7. O-O c6 8. a4 Bg4
9. Be3 Bxf3 10. Bxf3 Nbd7 11. Qb3 Rb8 12. a5 Qc7 13. Rfd1 e5 14. c5 dxc5 15.
dxc5 Rfd8 16. Qc4 Nf8 17. b4 Ne6 18. h3 Nd4 19. Ne2 Nxf3+ 20. gxf3 Ne8 21. Qb3
Qe7 22. Rxd8 Rxd8 23. Rd1 Nc7 24. Rd3 Ne6 25. Qd1 Rxd3 26. Qxd3 Qh4 27. Kg2 Bh6
28. Bxh6 Qxh6 29. Qd7 Qg5+ 30. Kh2 Qh4 31. Kg2 Qg5+ 32. Kh2 Nd8 33. Qd6 Kg7 34.
f4 exf4 35. Nxf4 Qf6 36. Kg2 Qxd6 37. cxd6 Kf6 38. Nd3 Ke6 39. e5 f6 40. f4
fxe5 41. fxe5 Kd5 42. Kf3 Kd4 43. Ke2 g5 44. Kd2 h5 45. Ke2 h4 46. d7 Kd5 47.
Kf3 Ke6 48. Kg4 Kxd7 49. Kxg5 Ke6 50. Kxh4 Kf5 51. Kh5 Ne6 52. h4 c5 53. Nxc5
Nf4+ 54. Kh6 Kxe5 55. Nxb7 Nd5 56. Kg7 Nxb4 57. h5 Nd5 58. h6 Nf6 59. Nc5 Kf5
60. h7 1-0

[Event "SR Extraliga 2017/2018"]
[Site "?"]
[Date "2017.12.10"]
[Round "6.3"]
[White "Nemeth, Miklos"]
[Black "Haring, Viktor"]
[Result "1-0"]
[WhiteElo "2487"]
[BlackElo "2309"]
[PlyCount "63"]
[EventDate "2017.??.??"]

1. e4 c5 2. b3 Nc6 3. Bb2 e5 4. Bb5 d6 5. Ne2 Nf6 6. d3 Be7 7. O-O O-O 8. Bxc6
bxc6 9. f4 c4 10. h3 Qb6+ 11. Kh2 cxd3 12. cxd3 Ba6 13. Ng3 g6 14. Na3 Ne8 15.
Qc2 d5 16. fxe5 Ng7 17. Rad1 h5 18. exd5 cxd5 19. Nb1 h4 20. Ne2 Nf5 21. Rxf5
gxf5 22. Nf4 Qe3 23. Nxd5 Qg3+ 24. Kh1 Bg5 25. Nbc3 Rac8 26. Bc1 Bb7 27. Qe2
Bxd5 28. Nxd5 Bxc1 29. Nf6+ Kg7 30. Nh5+ Kg6 31. Nxg3 hxg3 32. Qf3 1-0

[Event "SR Extraliga 2017/2018"]
[Site "?"]
[Date "2017.12.10"]
[Round "6.4"]
[White "Haring, Filip"]
[Black "Czebe, Attila"]
[Result "0-1"]
[WhiteElo "2277"]
[BlackElo "2469"]
[PlyCount "80"]
[EventDate "2017.??.??"]

1. e4 d6 2. d4 g6 3. Nc3 a6 4. Be3 b5 5. a3 Bb7 6. h4 Nf6 7. f3 Nbd7 8. Qd2 c5
9. Nh3 cxd4 10. Bxd4 e5 11. Be3 Rc8 12. O-O-O d5 13. Nxd5 Nxd5 14. exd5 Qxh4
15. g4 Qd8 16. Ng5 Nf6 17. d6 Qd7 18. Bg2 Bg7 19. f4 Bxg2 20. Qxg2 Nxg4 21. Bb6
h5 22. Kb1 O-O 23. f5 Qxf5 24. d7 Rcd8 25. Bxd8 Rxd8 26. Nxf7 Qxf7 27. Qc6 e4
28. Rhf1 Qe7 29. Qd5+ Kh7 30. Rf7 Qe5 31. Qb3 Nh6 32. Rf2 Nf5 33. c3 Ne3 34.
Re1 Nc4 35. Qc2 Rxd7 36. Ka1 Rd3 37. Rfe2 Qd5 38. Rxe4 Rd2 39. Qb3 Rxb2 40. Qd1
Qc5 0-1

[Event "SR Extraliga 2017/2018"]
[Site "?"]
[Date "2017.12.10"]
[Round "6.5"]
[White "Varga, Zoltan"]
[Black "Urhegyi, Marton"]
[Result "1-0"]
[WhiteElo "2442"]
[BlackElo "2269"]
[PlyCount "71"]
[EventDate "2017.??.??"]

1. c4 e5 2. Nf3 Nc6 3. Nc3 Nf6 4. d4 exd4 5. Nxd4 Nxd4 6. Qxd4 Be7 7. g3 O-O 8.
Bg2 d6 9. O-O Nd7 10. Nd5 Bf6 11. Nxf6+ Qxf6 12. Be3 Re8 13. Qd2 Ne5 14. b3 Qg6
15. Rfe1 Qh5 16. Bd4 Nc6 17. Bc3 Bg4 18. f3 Bd7 19. Rad1 Re7 20. e4 Rae8 21.
Qf2 Ne5 22. c5 dxc5 23. g4 Bxg4 24. fxg4 Nxg4 25. Qg3 Ne5 26. Rf1 Re6 27. Rd5
f6 28. Bh3 Rd6 29. Rxd6 cxd6 30. Rxf6 Qd1+ 31. Rf1 Qe2 32. Bxe5 Rxe5 33. Qf4 h5
34. Qf7+ Kh8 35. Bf5 Rxf5 36. Qxf5 1-0

[Event "SR Extraliga 2017/2018"]
[Site "?"]
[Date "2017.12.10"]
[Round "6.6"]
[White "Kamody, Mario"]
[Black "Bagi, Mate"]
[Result "0-1"]
[WhiteElo "2263"]
[BlackElo "2435"]
[PlyCount "42"]
[EventDate "2017.??.??"]

1. c4 Nf6 2. g3 e5 3. Bg2 d5 4. cxd5 Nxd5 5. Nf3 Nc6 6. O-O Be7 7. d4 e4 8. Ne5
f5 9. Nxc6 bxc6 10. f3 exf3 11. Bxf3 O-O 12. Nc3 Be6 13. Na4 Rb8 14. a3 f4 15.
gxf4 Nxf4 16. b4 Bh3 17. Qb3+ Kh8 18. Rd1 Bd6 19. Kh1 Qh4 20. Rg1 Bg2+ 21. Bxg2
Nd3 0-1

[Event "SR Extraliga 2017/2018"]
[Site "?"]
[Date "2017.12.10"]
[Round "6.1"]
[White "Papp, Gabor"]
[Black "Aczel, Gergely"]
[Result "1-0"]
[WhiteElo "2603"]
[BlackElo "2573"]
[PlyCount "77"]
[EventDate "2017.??.??"]

1. e4 c5 2. Nf3 d6 3. d4 cxd4 4. Nxd4 Nf6 5. Nc3 a6 6. Be2 e5 7. Nb3 Be7 8. O-O
O-O 9. Qd3 Qc7 10. Be3 b5 11. Rad1 Nbd7 12. Nd5 Nxd5 13. exd5 Nb6 14. Na5 Na4
15. Qd2 Nxb2 16. Rb1 Na4 17. c4 Bd7 18. Rfc1 b4 19. Qxb4 Rfb8 20. Qd2 Nc5 21.
Bf3 e4 22. Be2 Bf6 23. Nb3 Be5 24. g3 Nxb3 25. axb3 a5 26. c5 dxc5 27. Rxc5 Qd8
28. d6 Bf6 29. Rbc1 Be6 30. Bb5 Bxb3 31. Bc6 Ra6 32. Bf4 Be6 33. Bxe4 Ra7 34.
Rc7 Ra6 35. d7 Qf8 36. Rc8 Rxc8 37. Rxc8 Bd8 38. Bc7 Ra7 39. Rxd8 1-0